000 00806nam a22002177a 4500
005 20110928102924.0
010 _aG-001544
020 _c165.00
_a9788121902908
035 1 d _aG-001544
037 _bGift
082 _a621.3
100 _aTheraja, B.l.
_934956
245 _aA textbook of electrical technology /
_cby B.L. Theraja [and] A.K. Theraja
260 _aNew Delhi
_bS. Chand
_c1998(repr.).
270 _aRam Nagar
_bNew Delhi
_e110055
300 _av.1-735p.
_c24cm(pbk)
700 _aTheraja, A.K.
_934954
942 _2ddc
_cEN
_h621.3
_mTHE
999 _c57087
_d57087